01086nam a2200325 i 450000500170000000700030001700800410002002000180006102000150007904000350009404100080012908200210013710000480015824500560020625000230026226400480028530000270033333600270036033700330038733800280042052100380044854500550048665000450054165000350058665000370062165000370065865000380069594200120073399900150074520220317002029.0ta201110s2018 sp ||||er|||| 00| 0dspa d a9789584264695 a9584264699 aCO-BoRNBPbspaerdacCO-BoRNBP0 aspa04a303.69bR68a2221 aRoux Rengifo, Francisco de d1944- eautor 13aLa audacia de la paz imperfecta cFrancisco de Roux aPrimera edición  1aBogotá bPlaneta colombianabAriel c2018 a201 páginas c23 cm  2rdacontentatextobtxt 2rdamediaasin mediaciónbn 2rdacarrieravolumenbnc aRecomendado para público adulto aIncluye datos biográficos del autor en la solapa172LEMBaPazxAspectos sociales zColombia 172LEMBaProceso de pazyColombia172LEMBaAcuerdos de paz zColombia172LEMBaConflicto armadozColombia172LEMBaTratados de paz zColombia 2ddccBK c8950d8950